00345pab a2200133 454500008004000000100001900040245004700059260000900106300001300115362001100128650002400139650001400163773003400177180718b2014 xxu||||| |||| 00| 0 eng d aBorocz, Jozsef aElections in Hungary: Achilles, the winner c2014 ap.35-37. a28 Jun aElections - Hungary aElections aEconomic and Political Weekly